000 00423pab a2200157 454500
008 180718b2014 xxu||||| |||| 00| 0 eng d
100 _aGhatak, Proggya
245 _aIndigenous knowledge and bio-cultural conservation: A case of Savara-lodha from West bengal
260 _c2014
300 _ap.619-629.
362 _aOct-Dec
650 _aHealth services
773 _aMan in India
908 _aN
909 _a106338
999 _c106333
_d106333